[Event "Bordeaux-ch 48th"]
[Site "Bordeaux"]
[Date "2015.05.14"]
[Round "2"]
[White "Roche, Philippe"]
[Black "Souevamanien, Pascal"]
[Result "0-1"]
[WhiteElo "1662"]
[BlackElo "2136"]
[PlyCount "80"]
[EventDate "2015.05.14"]
[EventType "swiss"]
[EventRounds "7"]
[EventCountry "FRA"]
[SourceTitle "CBM 166 Extra"]
[Source "ChessBase"]
[SourceDate "2015.06.18"]
[SourceVersion "1"]
[SourceVersionDate "2015.06.18"]
[SourceQuality "1"]

1. e4 d6 2. d4 Nf6 3. Nc3 g6 4. Nf3 Bg7 5. h3 c6 6. Bc4 b5 7. Bd3 a5 8. 0-0 0-0 9. Bg5 b4 10. Ne2 Ba6 11. c3 Qc7 12. Qd2 e5 13. Rfd1 Bxd3 14. Qxd3 Nbd7 15. Rd2 c5 16. dxc5 dxc5 17. Rad1 h6 18. Bxf6 Nxf6 19. Qe3 a4 20. Ne1 Rfd8 21. Nd3 Bf8 22. Kf1 b3 23. a3 Rd7 24. c4 Rd4 25. Nxd4 cxd4 26. Qf3 Kg7 27. Rc1 Bc5 28. Nxc5 Qxc5 29. Qd3 Ra6 30. f4 Rd6 31. fxe5 Qxe5 32. Re1 Nh5 33. Kg1 Nf4 34. Qg3 Ne2+ 35. Rexe2 Qxg3 36. e5 d3 37. exd6 dxe2 38. Rxe2 Qxd6 39. Re3 Qd4 40. Kf2 Qxb2+ 0-1

[Event "Bordeaux-ch 48th"]
[Site "Bordeaux"]
[Date "2015.05.14"]
[Round "7"]
[White "Souevamanien, Pascal"]
[Black "Cazeaux, Didier"]
[Result "1/2-1/2"]
[WhiteElo "2136"]
[BlackElo "1767"]
[PlyCount "35"]
[EventDate "2015.05.14"]
[EventType "swiss"]
[EventRounds "7"]
[EventCountry "FRA"]
[SourceTitle "CBM 166 Extra"]
[Source "ChessBase"]
[SourceDate "2015.06.18"]
[SourceVersion "1"]
[SourceVersionDate "2015.06.18"]
[SourceQuality "1"]

1. Nf3 c5 2. b3 d6 3. Bb2 e5 4. e4 g6 5. Bb5+ Bd7 6. Qe2 a6 7. Bxd7+ Qxd7 8. c3 Bg7 9. Na3 b5 10. Nc2 Nf6 11. d4 Qg4 12. dxe5 dxe5 13. h3 Qxe4 14. Qxe4 Nxe4 15. a4 c4 16. axb5 Nc5 17. 0-0 cxb3 18. Ne3 1/2-1/2

[Event "Cap d'Agde CCAS op"]
[Site "Cap d'Agde"]
[Date "2008.10.25"]
[Round "1"]
[White "Palac, Mladen"]
[Black "Souevamanien, Pascal"]
[Result "1-0"]
[WhiteElo "2583"]
[BlackElo "2140"]
[PlyCount "42"]
[EventDate "2008.10.25"]
[EventType "swiss"]
[EventRounds "9"]
[EventCountry "FRA"]
[SourceTitle "CBM 127 Extra"]
[Source "ChessBase"]
[SourceDate "2009.01.08"]
[SourceVersion "2"]
[SourceVersionDate "2009.01.28"]
[SourceQuality "1"]

1. e4 c5 2. Nf3 Nc6 3. Bb5 g6 4. 0-0 Bg7 5. c3 Nf6 6. Re1 0-0 7. d4 cxd4 8. cxd4 d6 9. h3 Bd7 10. Nc3 Rc8 11. Bf4 Qa5 12. Qd2 Rfd8 13. Bg5 Kf8 14. Rad1 Ng8 15. a3 Nb8 16. Bd3 h6 17. Be3 a6 18. b4 Qh5 19. Be2 Rxc3 20. Qxc3 Rc8 21. Qb3 Bb5 1-0

[Event "Reunion op 09th"]
[Site "Reunion"]
[Date "2007.10.14"]
[Round "1"]
[White "Henry, Laura"]
[Black "Souevamanien, Pascal"]
[Result "0-1"]
[WhiteElo "1624"]
[BlackElo "2141"]
[PlyCount "32"]
[EventDate "2007.10.14"]
[EventType "swiss"]
[EventRounds "9"]
[EventCountry "RUF"]
[SourceTitle "EXT 2012"]
[Source "ChessBase"]
[SourceDate "2011.11.24"]
[SourceVersion "1"]
[SourceVersionDate "2011.11.24"]
[SourceQuality "1"]

1. e4 g6 2. d4 Bg7 3. Nf3 c5 4. Nc3 cxd4 5. Nxd4 Nc6 6. Be3 d6 7. Bb5 Bd7 8. 0-0 Nf6 9. Qd3 0-0 10. Nd5 Ng4 11. c3 e6 12. Nf4 e5 13. Nxc6 bxc6 14. Qxd6 Nxe3 15. Nxg6 hxg6 16. Bxc6 Bxc6 0-1

[Event "Creon op 12th"]
[Site "Creon"]
[Date "2007.08.04"]
[Round "8"]
[White "Souevamanien, Pascal"]
[Black "Nguyen, Chi Minh"]
[Result "0-1"]
[WhiteElo "2160"]
[BlackElo "2377"]
[PlyCount "68"]
[EventDate "2007.07.30"]
[EventType "swiss"]
[EventRounds "9"]
[EventCountry "FRA"]
[SourceTitle "CBM 119 Extra"]
[Source "ChessBase"]
[SourceDate "2007.09.04"]
[SourceVersion "1"]
[SourceVersionDate "2007.09.04"]
[SourceQuality "1"]

1. Nf3 b6 2. g3 Bb7 3. Bg2 e6 4. b3 Nf6 5. Bb2 d5 6. d3 c5 7. Nbd2 Nc6 8. Ne5 Qc7 9. Nxc6 Bxc6 10. e4 Be7 11. e5 Nd7 12. Qe2 0-0-0 13. 0-0-0 b5 14. f4 g6 15. Kb1 a5 16. g4 a4 17. c4 Nb6 18. f5 Rd7 19. f6 Bd8 20. d4 dxc4 21. Bxc6 Qxc6 22. dxc5 cxb3 23. axb3 axb3 24. Ne4 Nc4 25. Nd6+ Rxd6 26. cxd6 Kd7 27. Qd3 Bb6 28. Rhe1 Nxb2 29. Kxb2 Bd4+ 30. Kxb3 Qd5+ 31. Kb4 Qc5+ 32. Kb3 Qd5+ 33. Kb4 Qc5+ 34. Kb3 Rc8 0-1

[Event "Creon op 8th"]
[Site "Creon"]
[Date "2003.07.28"]
[Round "1"]
[White "Souevamanien, Pascal"]
[Black "Dumitrache, Dragos Nicolae"]
[Result "1/2-1/2"]
[WhiteElo "2146"]
[BlackElo "2492"]
[PlyCount "99"]
[EventDate "2003.07.28"]
[EventType "swiss"]
[EventRounds "9"]
[EventCountry "FRA"]
[SourceTitle "CBM 095 Extra"]
[Source "ChessBase"]
[SourceDate "2003.09.04"]
[SourceVersion "1"]
[SourceVersionDate "2003.09.04"]
[SourceQuality "1"]

1. b3 d5 2. Bb2 c6 3. g3 Nf6 4. Bg2 Bf5 5. d3 Nbd7 6. Nf3 h6 7. Nbd2 e6 8. 0-0 Be7 9. c4 0-0 10. Qc2 Bh7 11. a3 a5 12. Bc3 Bd6 13. Qb2 Qe7 14. d4 Ne4 15. Nxe4 Bxe4 16. Ne5 Bxg2 17. Kxg2 Nxe5 18. dxe5 Bc7 19. cxd5 exd5 20. e4 dxe4 21. Rae1 f5 22. exf6 gxf6 23. f3 f5 24. fxe4 fxe4 25. Bf6 Qe6 26. Bh8 Qg6 27. Bd4 Rad8 28. Rxf8+ Kxf8 29. Rf1+ Kg8 30. Rf6 Qg5 31. Qf2 e3 32. Bxe3 Qd5+ 33. Qf3 Qxf3+ 34. Rxf3 h5 35. h3 Rd5 36. Bf4 Bxf4 37. Rxf4 Kg7 38. Re4 Kf6 39. Kf3 Rd1 40. Re3 Rh1 41. Rc3 Kg6 42. h4 Rf1+ 43. Ke4 Rf5 44. b4 axb4 45. axb4 Rb5 46. Rc4 Kf6 47. g4 hxg4 48. Kf4 Rf5+ 49. Kxg4 Rf1 50. Rf4+ 1/2-1/2

[Event "Syre Memorial op 25th"]
[Site "Issy les Moulineaux"]
[Date "2002.05.09"]
[Round "3"]
[White "Souevamanien, Pascal"]
[Black "Bernard, Christophe"]
[Result "1/2-1/2"]
[WhiteElo "2190"]
[BlackElo "2372"]
[PlyCount "97"]
[EventDate "2002.05.08"]
[EventType "swiss"]
[EventRounds "7"]
[EventCountry "FRA"]
[SourceTitle "EXT 2004"]
[Source "ChessBase"]
[SourceDate "2003.11.25"]
[SourceVersion "1"]
[SourceVersionDate "2003.11.25"]
[SourceQuality "1"]

1. b3 e5 2. Bb2 Nc6 3. e3 g6 4. Ne2 Bg7 5. d4 d6 6. dxe5 Nxe5 7. Nbc3 Nf6 8. Qd2 0-0 9. 0-0-0 Re8 10. Nf4 Bd7 11. h4 h5 12. f3 a5 13. a4 Bc6 14. Be2 Qe7 15. e4 Bh6 16. g3 Nfd7 17. Kb1 Qf6 18. Rhf1 Qd8 19. Qd4 Nc5 20. Bb5 Bg7 21. Qg1 Rf8 22. Rd2 Qd7 23. Nfd5 Rae8 24. g4 hxg4 25. fxg4 Nxg4 26. Rg2 Bxb5 27. Nxb5 Rxe4 28. Bxg7 Kxg7 29. Nbc3 Ne5 30. Nxe4 Nxe4 31. Qd4 Nc5 32. h5 Qh3 33. Nf4 Qf5 34. hxg6 fxg6 35. Rfg1 Qxf4 36. Rxg6+ Kh7 37. Rg7+ Kh6 38. Qd5 Qf1+ 39. Rxf1 Rxf1+ 40. Ka2 Kxg7 41. Qg2+ Kf6 42. Qxf1+ Ke7 43. Qb5 b6 44. Kb2 Ncd7 45. Ka3 c6 46. Qe2 c5 47. c4 Nb8 48. Qe4 Nbc6 49. Kb2 1/2-1/2

[Event "Paris Apsap op 54rd"]
[Site "Paris"]
[Date "2002.??.??"]
[Round "7"]
[White "Souevamanien, Pascal"]
[Black "Fondain, Georges"]
[Result "1/2-1/2"]
[WhiteElo "2153"]
[BlackElo "1890"]
[PlyCount "116"]
[EventDate "2002.08.15"]
[EventType "swiss"]
[EventRounds "9"]
[EventCountry "FRA"]
[SourceTitle "EXT 2003"]
[Source "ChessBase"]
[SourceDate "2002.11.25"]
[SourceVersion "1"]
[SourceVersionDate "2002.11.25"]
[SourceQuality "1"]

1. b3 b6 2. Bb2 Bb7 3. Nf3 Nf6 4. e3 e6 5. c4 Be7 6. Be2 0-0 7. 0-0 d6 8. Nc3 Ne4 9. Nxe4 Bxe4 10. d3 Bb7 11. Qc2 Bf6 12. d4 Nd7 13. e4 e5 14. d5 g6 15. b4 Bg7 16. Bd3 Bc8 17. h3 Qe7 18. Qd2 Nf6 19. Bc1 Ne8 20. Qg5 Qxg5 21. Bxg5 f5 22. Be3 fxe4 23. Bxe4 Bf5 24. Nd2 h5 25. f3 Nf6 26. a4 Bxe4 27. fxe4 a5 28. c5 axb4 29. cxb6 cxb6 30. Rfb1 Rfb8 31. Rxb4 b5 32. Rab1 Nd7 33. Rxb5 Rc8 34. a5 Bf8 35. Kf2 Rc2 36. Kf3 Nc5 37. Nb3 Nxb3 38. R1xb3 Ra2 39. Bb6 Rc8 40. Rb2 Rc3+ 41. Ke2 Raa3 42. Bf2 g5 43. Rb6 Rc4 44. R6b4 Rxb4 45. Rxb4 Rxa5 46. g4 hxg4 47. hxg4 Ra2+ 48. Kf3 Ra3+ 49. Be3 Be7 50. Rb7 Kf8 51. Ra7 Rxa7 52. Bxa7 Ke8 53. Ke2 Kd7 54. Kd3 Bf6 55. Kc4 Be7 56. Kb5 Bf6 57. Kb6 Be7 58. Kb7 Bf6 1/2-1/2

[Event "Paris Apsap op 54rd"]
[Site "Paris"]
[Date "2002.??.??"]
[Round "3"]
[White "Souevamanien, Pascal"]
[Black "Jessel, Stephen"]
[Result "0-1"]
[WhiteElo "2153"]
[BlackElo "2053"]
[PlyCount "84"]
[EventDate "2002.08.15"]
[EventType "swiss"]
[EventRounds "9"]
[EventCountry "FRA"]
[SourceTitle "EXT 2003"]
[Source "ChessBase"]
[SourceDate "2002.11.25"]
[SourceVersion "1"]
[SourceVersionDate "2002.11.25"]
[SourceQuality "1"]

1. b3 d5 2. Bb2 Bf5 3. g3 Nd7 4. Bg2 Ngf6 5. Nf3 e6 6. d3 Bc5 7. d4 Be7 8. Nbd2 0-0 9. Ne5 Nxe5 10. dxe5 Ne4 11. f3 Nxd2 12. Qxd2 c6 13. 0-0 Bc5+ 14. e3 Qb6 15. Rae1 Rad8 16. c3 Qc7 17. g4 Bg6 18. f4 Qd7 19. Qc1 Bd3 20. Rf2 Qe7 21. Rf3 Qh4 22. Rg3 h5 23. gxh5 Qxf4 24. Kh1 Qf5 25. Rg1 Qxh5 26. Bf3 Qh7 27. Rxg7+ Qxg7 28. Rxg7+ Kxg7 29. Qg1+ Bg6 30. Qg5 Rde8 31. Qf6+ Kh7 32. Qf4 Rh8 33. c4 Kg8 34. b4 Be7 35. cxd5 cxd5 36. a3 Rh4 37. Qg3 Rc8 38. Bd1 Rhc4 39. Kg1 Kh7 40. Bd4 Rc1 41. Qf3 R8c2 42. Qf1 Rd2 0-1

[Event "FRA-chT2"]
[Site "France"]
[Date "2001.11.??"]
[Round "3"]
[White "Souevamanien, Pascal"]
[Black "Miletic, Branislav"]
[Result "1-0"]
[WhiteElo "2183"]
[BlackElo "2110"]
[PlyCount "131"]
[EventDate "2002.??.??"]
[EventType "team-tourn"]
[EventRounds "11"]
[EventCountry "FRA"]
[SourceTitle "EXT 2003"]
[Source "ChessBase"]
[SourceDate "2002.11.25"]
[SourceVersion "1"]
[SourceVersionDate "2002.11.25"]
[SourceQuality "1"]

1. b3 Nf6 2. Bb2 d6 3. e3 Nbd7 4. Nf3 e5 5. d3 Be7 6. c4 0-0 7. Nbd2 Re8 8. Qc2 Bf8 9. a3 b6 10. d4 exd4 11. Nxd4 Bb7 12. 0-0-0 a5 13. a4 Nc5 14. Rg1 g6 15. g4 Bg7 16. Bg2 d5 17. h3 c6 18. Kb1 Qd7 19. Bf3 Reb8 20. h4 Na6 21. h5 Nb4 22. Qc3 c5 23. h6 cxd4 24. Qxd4 Bh8 25. g5 Qf5+ 26. e4 dxe4 27. Bg4 Qxg5 28. Bc8 Qxh6 29. Bxb7 Rxb7 30. Nxe4 Qg7 31. Nxf6+ Qxf6 32. Qxf6 Bxf6 33. Bxf6 Rbb8 34. Rh1 h5 35. Rdg1 Kf8 36. Rd1 Re8 37. Rd6 Re6 38. Rhd1 Rae8 39. Rxe6 Rxe6 40. Rd8+ Re8 41. Bg7+ Kxg7 42. Rxe8 h4 43. Kc1 Nd3+ 44. Kd2 Nxf2 45. Ke3 Ng4+ 46. Kf4 Nh6 47. Rb8 f6 48. Rb7+ Kf8 49. Rxb6 g5+ 50. Kf3 g4+ 51. Kg2 Kg7 52. b4 axb4 53. a5 Nf5 54. a6 Ne3+ 55. Kg1 Nxc4 56. Rxb4 Ne5 57. Rxg4+ Nxg4 58. a7 h3 59. a8Q h2+ 60. Kg2 Kg6 61. Kg3 f5 62. Kf4 Nf2 63. Qg8+ Kf6 64. Qh8+ Ke6 65. Qxh2 Ne4 66. Qa2+ 1-0

[Event "Paris-ch op"]
[Site "Paris"]
[Date "2000.07.17"]
[Round "3"]
[White "Abergel, Thal"]
[Black "Souevamanien, Pascal"]
[Result "1-0"]
[WhiteElo "2279"]
[BlackElo "2162"]
[PlyCount "83"]
[EventDate "2000.07.15"]
[EventType "swiss"]
[EventRounds "9"]
[EventCountry "FRA"]
[SourceTitle "EXT 2001"]
[Source "ChessBase"]
[SourceDate "2000.11.22"]
[SourceVersion "1"]
[SourceVersionDate "2000.11.22"]
[SourceQuality "1"]

1. e4 c5 2. Nf3 d6 3. d4 cxd4 4. Nxd4 Nf6 5. Nc3 g6 6. Be3 Bg7 7. f3 0-0 8. Qd2 Nc6 9. 0-0-0 d5 10. exd5 Nxd5 11. Nxc6 bxc6 12. Bd4 Nxc3 13. Qxc3 Bh6+ 14. Be3 Bxe3+ 15. Qxe3 Qa5 16. Bc4 Qb4 17. Rd4 Qb6 18. Qd2 Rb8 19. b3 Ba6 20. Bxa6 Qxa6 21. Qh6 Rb4 22. Rxb4 Qa3+ 23. Kb1 Qxb4 24. h4 Rd8 25. Qe3 Rd7 26. h5 Qd2 27. Qe5 Qd6 28. Qg5 Qd5 29. Qh6 Qe5 30. hxg6 hxg6 31. f4 Qg7 32. Qh3 e6 33. g4 Rd5 34. Qh2 f5 35. gxf5 exf5 36. a4 Rd4 37. Ka2 c5 38. Qe2 Re4 39. Qd3 Qd4 40. Qa6 Qg7 41. Qc8+ Kf7 42. Qxc5 1-0

[Event "FRA-chT 9900"]
[Site "France"]
[Date "2000.02.06"]
[Round "3.7"]
[White "Eliet, Nicolas"]
[Black "Souevamanien, Pascal"]
[Result "1-0"]
[WhiteElo "2379"]
[BlackElo "2178"]
[PlyCount "99"]
[EventDate "1999.02.04"]
[EventType "team-tourn"]
[EventRounds "11"]
[EventCountry "FRA"]
[SourceTitle "EXT 2001"]
[Source "ChessBase"]
[SourceDate "2000.11.22"]
[SourceVersion "1"]
[SourceVersionDate "2000.11.22"]
[SourceQuality "1"]

1. d4 Nf6 2. c4 e6 3. Nc3 Bb4 4. Qb3 Nc6 5. Nf3 Ne4 6. e3 d6 7. Bd3 Bxc3+ 8. bxc3 f5 9. Qc2 Nf6 10. 0-0 0-0 11. c5 d5 12. Rb1 Ne7 13. c4 c6 14. Ne5 Nd7 15. Nxd7 Qxd7 16. Bd2 Qd8 17. f3 Ng6 18. Bc3 Rb8 19. Qa4 Ra8 20. Rb2 Qg5 21. Re2 Bd7 22. Qa5 Rfb8 23. Qc7 Be8 24. Be1 Qe7 25. Qxe7 Nxe7 26. Bg3 Rd8 27. Rb1 Rd7 28. Rb3 Bg6 29. Be5 f4 30. e4 dxe4 31. fxe4 Bh5 32. Reb2 Ng6 33. Bd6 b6 34. e5 f3 35. g3 f2+ 36. Rxf2 bxc5 37. Be4 Ne7 38. Bxc5 Rc8 39. Rfb2 Bg4 40. Rb7 Rxb7 41. Rxb7 Bf5 42. Bf3 Ng6 43. Bxa7 Bd3 44. c5 Rd8 45. Rb8 Rxb8 46. Bxb8 Bb5 47. Bd6 Nh8 48. Bd1 Bc4 49. a4 Kf7 50. Bf3 1-0

[Event "Metz op 16th"]
[Site "Metz"]
[Date "1998.04.13"]
[Round "9"]
[White "Timoscenko, Gennadij A"]
[Black "Souevamanien, Pascal"]
[Result "1-0"]
[WhiteElo "2520"]
[BlackElo "2195"]
[PlyCount "61"]
[EventDate "1998.04.06"]
[EventType "swiss"]
[EventRounds "9"]
[EventCountry "FRA"]
[SourceTitle "EXT 1999"]
[Source "ChessBase"]
[SourceDate "1998.11.16"]
[SourceVersion "1"]
[SourceVersionDate "1998.11.16"]
[SourceQuality "1"]

1. d4 g6 2. e4 Bg7 3. Nc3 d6 4. Be3 a6 5. Qd2 b5 6. a4 b4 7. Nd1 a5 8. c3 bxc3 9. bxc3 Ba6 10. Bxa6 Rxa6 11. Ne2 Nd7 12. 0-0 Ngf6 13. f3 0-0 14. Bh6 Re8 15. Bxg7 Kxg7 16. Ne3 e5 17. Ng3 Kh8 18. Rf2 Ra8 19. Raf1 Nb6 20. Ng4 Ng8 21. f4 Qh4 22. Ne3 exd4 23. cxd4 Nf6 24. e5 Nfd5 25. Ne4 dxe5 26. Nxd5 Nxd5 27. dxe5 Rad8 28. Qxa5 h6 29. Rf3 Kg7 30. Qd2 Rd7 31. Nf6 1-0